banner-ar

ضلع الانسانيه الاعوج / (Record no. 62888)

MARC details
000 -الفاتح
حقل البيانات ثابتة الطول 01196nam a22002777a 4500
005 - وقت وتاريخ اخر تعامل مع التسجيلة
رقم الضبط 20240530110612.0
008 - عناصر البيانات ثابتة الطول - معلومات عامة
حقل البيانات ثابتة الطول 160903s2013 au g 000 0dara d
017 ## - رقم الايداع القانونى
رقم الايداع القانونى 9419/2012
المصدر ( الهيئة المختصة) مصر . دار الكتب المصريه
020 ## - الرقم الدولى المعيارى للكتب
الرقم الدولى المعيارى للكتاب 9789772161041
040 ## - مصدر الفهرسة
وكالة الفهرسة الأصلية EG-CaGPL
082 04 - رقم تصنيف ديوى العشرى
رقم الطبعة 21
رقم التصنيف 306.42\
رقم المادة ب ض
100 1# - المدخل الرئيسى - إسم شخصى
الإسم الشخصى برلن ، أزيا .
245 10 - بيان العنوان
العنوان ضلع الانسانيه الاعوج /
بيان المسئوليه,etc تاليف ازيا برلن ؛ تحرير هنري هاردي ؛ ترجمة محمد زاهي المغيربي ، نجيب الحصادي .
260 ## - PUBLICATION, DISTRIBUTION, ETC. (IMPRINT)
تاريخ النشر أو التوزيع 2013 .
300 ## - الوصف المادى
التعداد 308 ص ؛
أبعاد الوعاء 24 سم .
490 0# - بيان السلسلة
عنوان السلسلة المشروع القومي للترجمه . فصول في تاريخ الافكار
رقم المجلد/ التعيين التسلسلي 2115
650 04 - المدخل الاضافى بالموضوع-مصطلح موضوعى
مصطلح موضوعي االطموح البشرى .
650 04 - المدخل الاضافى بالموضوع-مصطلح موضوعى
مصطلح موضوعي الاخلاق .
650 04 - المدخل الاضافى بالموضوع-مصطلح موضوعى
مصطلح موضوعي المساواه .
650 04 - المدخل الاضافى بالموضوع-مصطلح موضوعى
مصطلح موضوعي الوحده الاوربيه .
700 1# - المدخل الاضافى - اسم شخصى
الإسم الشخصى هاردي ، هنري
الدور محرر
700 0# - المدخل الاضافى - اسم شخصى
الإسم الشخصى مجمد زاهي المغيربي
الدور مترجم
700 0# - المدخل الاضافى - اسم شخصى
الإسم الشخصى نجيب الحصادي
الدور مترجم مشارك
942 ## - عناصر المدخل الإضافي( كوها)
مصدر التصنيف او مخطط الترفيف Dewey Decimal Classification
Koha [default] item type كتاب
260 ## - PUBLICATION, DISTRIBUTION, ETC. (IMPRINT)
-- القاهره :
-- المركز القومي للترجمه ،
Holdings
حالة التراجع حالة الفقد حالة تلف ليس للاعارة المكان المؤقت الموقع الحالى موقع الترفيف تاريخ الاكتساب اجمالي اﻻعارات رقم الطلب الباركود تاريخ اخر مشاهدة تاريخ تفعيل السعر نوع وعاء كوها
        مكتبة القاهرة الكبرى مكتبة القاهرة الكبرى القاعة الرئيسية 11/23/2016   306.42\ ب ض 162792 11/23/2016 11/23/2016 كتاب

Powered By

EGPV